| 000 | 00745nas a2200253 4500 | ||
|---|---|---|---|
| 001 | BR7603590 | ||
| 003 | BR-BrBNA | ||
| 005 | 20231205083016.0 | ||
| 007 | ta | ||
| 008 | 230509b bl.|||p| |||| 00| 00por d | ||
| 040 |
_aBR-BrBNA _bpor _cBiblioteca Nacional de Agricultura |
||
| 041 | _a(Pt) | ||
| 072 | _aF27; L30 | ||
| 100 | 1 | _aSiewerdt, L. | |
| 245 | 1 | _aCultive o siratro, uma excelente materia-prima para o feno [plantio, nutricao animal] | |
| 650 | _aSIRATRO | ||
| 650 | _aVALOR NUTRITIVO | ||
| 650 | _aPLANTIO | ||
| 650 | _aPRODUTIVIDADE | ||
| 650 | _aDIGESTIBILIDADE | ||
| 773 | 0 |
_tGranja (Brazil) _xISSN 0367-505X _g(Jun 1976), v. 32(341) p. 14-18 _wBR7603590 |
|
| 909 |
_a202311 _bLúcia _c55 _dLúcia Elande |
||
| 942 |
_2AGRIS _n0 _cANA |
||
| 999 |
_c95734 _d95734 |
||